FIFA WC 2022 all results - Statistics

General Stats
  • This quiz has been taken 69 times
  • The average score is 17 of 64
Answer Stats
game score % Correct
Qatar vs Ecuador 0-2
81%
Argentina vs Saudi Arabia 1-2
70%
Senegal vs Netherlands 0-2
58%
England vs Iran 6-2
55%
United States vs Wales 1-1
51%
Germany vs Japan 1-2
51%
Belgium vs Canada 1-0
49%
Denmark vs Tunisia 0-0
43%
Spain vs Costa Rica 7-0
43%
Morocco vs Croatia 0-0
42%
France vs Australia 4-1
40%
Mexico vs Poland 0-0
38%
Argentina vs Mexico 2-0
36%
Spain vs Germany 1-1
32%
Brazil vs Serbia 2-0
32%
Qatar vs Senegal 1-3
30%
Uruguay vs Korea Republic 0-0
28%
England vs United States 0-0
28%
Poland vs Argentina 0-2
28%
Netherlands vs Ecuador 1-1
28%
Argentina vs Australia 2-1
28%
Japan vs Costa Rica 0-1
26%
Belgium vs Morocco 0-2
26%
Costa Rica vs Germany 2-4
26%
Portugal vs Ghana 3-2
26%
Tunisia vs Australia 0-1
25%
Wales vs Iran 0-2
25%
Wales vs England 0-3
25%
Switzerland vs Cameroon 1-0
25%
Brazil vs Switzerland 1-0
25%
Poland vs Saudi Arabia 2-0
25%
Netherlands vs Qatar 2-0
25%
Japan vs Spain 2-1
25%
Iran vs United States 0-1
23%
Australia vs Denmark 1-0
23%
Portugal vs Uruguay 2-0
23%
France vs Denmark 2-1
23%
France vs Poland 3-1
23%
Tunisia vs France 1-0
21%
Cameroon vs Brazil 1-0
21%
Ecuador vs Senegal 1-2
21%
Saudi Arabia vs Mexico 1-2
21%
Canada vs Morocco 1-2
21%
Netherlands vs United States 3-1
21%
Croatia vs Belgium 0-0
19%
Croatia vs Morocco 2-1
19%
Korea Republic vs Ghana 2-3
19%
England vs Senegal 3-0
19%
Cameroon vs Serbia 3-3
19%
Croatia vs Canada 4-1
19%
Brazil vs Korea Republic 4-1
19%
Ghana vs Uruguay 0-2
15%
England vs France 1-2
15%
France vs Morocco 2-0
13%
Korea Republic vs Portugal 2-1
13%
Morocco vs Portugal 1-0
11%
Argentina vs Croatia 3-0
11%
Argentina vs France 3-3 4-2
11%
Portugal vs Switzerland 6-1
9%
Serbia vs Switzerland 2-3
8%
Morocco vs Spain 0-0 3-0
6%
Japan vs Croatia 1-1 1-3
2%
Croatia vs Brazil 1-1 4-2
2%
Netherlands vs Argentina 2-2 3-4
2%
No matching quizzes found
Score Distribution
Percent of People with Each Score
Percentile by Number Answered
Your Score History
You have not taken this quiz